| 000 | 01620nam a22003737a 4500 | ||
|---|---|---|---|
| 003 | OSt | ||
| 005 | 20230607132659.0 | ||
| 008 | 221006b |||||||| |||| 00| 0 eng d | ||
| 040 | _cBiblioteca Lado V | ||
| 082 |
_a105 _bP919p |
||
| 130 |
_aPraxis _lspa |
||
| 245 |
_aPraxis/ _bDepartamento de Filosofía/ |
||
| 260 |
_aUniversidad Nacional Costa Rica _c2005 _bCosta Rica |
||
| 300 |
_c17x24cm _a200p. |
||
| 366 | _espa | ||
| 490 |
_a56 _v2005 _x1409 3090 |
||
| 505 | _tIntroduccion | ||
| 505 | _tLa educación agrícola superior latinoamericana entre la globalización | ||
| 505 | _tLos desafíos de la universidad contemporánea | ||
| 505 | _tGlobalización, identidad cultural y universidad | ||
| 505 | _tcritica de la razón topología | ||
| 505 | _tLa universidad publica frente a los desafíos de inicios de milenio | ||
| 505 | _tRepensando la Universidad Necesaria en tiempos de globalización | ||
| 505 | _tAspectos estratégicos de la investigación y el conocimiento | ||
| 505 | _tInterdisciplinariedad, cultural organizacional equipos académicos | ||
| 505 | _tEl mundo globalizado y su efecto en las universidades | ||
| 505 | _tLa vinculación Universidad PYMES en la época de la globalización económica | ||
| 650 |
_2Tesauro de Arte & Arquitectura _aFILOSOFIA _9703 |
||
| 650 |
_2Tesauro de Arte & Arquitectura _aEDUCACION UNIVERSITARIA _9702 |
||
| 650 |
_2Tesauro de Arte & Arquitectura _aGLOBALIZACION _9702 |
||
| 650 |
_2Tesauro de Arte & Arquitectura _aINVESTIGACION |
||
| 700 |
_aNavarreta, Jose Antonio _eeditor |
||
| 942 |
_2ddc _c1 _h105 _iP919p _n0 |
||
| 999 |
_c3812 _d3812 |
||